000 00301nam a22001337a 4500
008 170616b xxu||||| |||| 00| 0 eng d
020 _a081330884
041 _aeng
080 _a32
100 _a20
101 _aSHP
245 _aU.S.-CUBAN RELATIONS IN THE 1990S
_cDOMINGUEZ,J.I
942 _2udc
_cBK
999 _c17963
_d17963